The practice of social research (Record no. 562176)

000 -LEADER
fixed length control field 00275nam a2200109Ia 4500
008 - FIXED-LENGTH DATA ELEMENTS--GENERAL INFORMATION
fixed length control field 210430s9999 xx 000 0 und d
082 ## - DEWEY DECIMAL CLASSIFICATION NUMBER
Classification number 300.1 B1121 p
100 ## - MAIN ENTRY--PERSONAL NAME
Personal name Earl Babbie
245 #4 - TITLE STATEMENT
Title The practice of social research
Statement of responsibility, etc. Earl Babbie
300 ## - PHYSICAL DESCRIPTION
Extent 116p.
942 ## - ADDED ENTRY ELEMENTS (KOHA)
Koha item type Book
Source of classification or shelving scheme
Holdings
Withdrawn status Lost status Damaged status Not for loan Collection code Permanent Location Current Location Shelving location Date acquired Total Checkouts Full call number Barcode Date last seen Price effective from Koha item type
          School of Chemical & Materials Engineering (SCME) School of Chemical & Materials Engineering (SCME) General Stacks 03/11/6   300.1 B1121 p SCME-1037 04/30/2021 04/30/2021 Book
© 2023 Central Library, National University of Sciences and Technology. All Rights Reserved.